[Event "Ruhrgebiet VL1 0405"]
[Site "Ruhrgebiet"]
[Date "2005.03.13"]
[Round "8.3"]
[White "Alperovych, Yakiv"]
[Black "Schneider, Markus"]
[Result "1-0"]
[WhiteElo "2046"]
[BlackElo "1995"]
[PlyCount "55"]
[EventDate "2004.09.12"]
[EventType "team"]
[EventRounds "9"]
[EventCountry "GER"]
[SourceTitle "EXT 2006"]
[Source "ChessBase"]
[SourceDate "2005.11.24"]
[SourceVersion "1"]
[SourceVersionDate "2005.11.24"]
[SourceQuality "1"]
[WhiteTeam "Dortmund Kleiner Koenig"]
[BlackTeam "Mengede SG"]
[WhiteTeamCountry "GER"]
[BlackTeamCountry "GER"]

1. e4 c5 2. Nf3 d6 3. d4 cxd4 4. Nxd4 Nf6 5. Nc3 g6 6. Be3 Bg7 7. f3 0-0 8. Bc4 Nc6 9. Qd2 Bd7 10. 0-0-0 Rc8 11. Bb3 Ne5 12. h4 h5 13. Bg5 Rc5 14. g4 hxg4 15. h5 Nxh5 16. Nd5 Rxd5 17. Bxd5 Qb6 18. c3 Rc8 19. Rxh5 gxh5 20. Bh6 Bf6 21. Bg5 Bg7 22. Bxe7 Ng6 23. Qg5 Nxe7 24. Qxe7 Be8 25. Nf5 Bxc3 26. Qg5+ Kf8 27. Qh6+ Kg8 28. Ne7# 1-0

[Event "Ruhrgebiet VK1 0304"]
[Site "Ruhrgebiet"]
[Date "2003.12.07"]
[Round "4.3"]
[White "Alperovych, Yakiv"]
[Black "Sondermann, Dirk"]
[Result "1-0"]
[WhiteElo "2008"]
[BlackElo "1856"]
[PlyCount "71"]
[EventDate "2003.09.28"]
[EventType "team"]
[EventRounds "9"]
[EventCountry "GER"]
[SourceTitle "EXT 2007"]
[Source "ChessBase"]
[SourceDate "2006.11.23"]
[SourceVersion "1"]
[SourceVersionDate "2006.11.23"]
[SourceQuality "1"]
[WhiteTeam "Dortmund Kleiner Koenig"]
[BlackTeam "Witten"]
[WhiteTeamCountry "GER"]
[BlackTeamCountry "GER"]

1. e4 c5 2. Nf3 Nc6 3. d4 cxd4 4. Nxd4 Nf6 5. Nc3 d6 6. Bc4 e5 7. Nde2 Be6 8. Bd5 Bxd5 9. exd5 Ne7 10. Bg5 Ng6 11. Bxf6 gxf6 12. 0-0 Qd7 13. f4 Bg7 14. f5 Ne7 15. Ng3 0-0-0 16. Nh5 Rhg8 17. Qd3 Bh8 18. Ne4 Qc7 19. h3 Qb6+ 20. Kh1 Kb8 21. b3 Qc7 22. c4 b6 23. b4 Nc8 24. Rab1 Rg5 25. Nxg5 fxg5 26. f6 g4 27. h4 Rg8 28. Qxh7 Qd8 29. Qxf7 g3 30. Rb3 Rg4 31. Rxg3 Rxh4+ 32. Kg1 b5 33. Rg8 Qb6+ 34. c5 dxc5 35. Rxc8+ Kxc8 36. Qe6+ 1-0

[Event "Ruhrgebiet VL1 0001"]
[Site "Ruhrgebiet"]
[Date "2001.05.13"]
[Round "9"]
[White "Alperovych, Yakiv"]
[Black "Georg, Heinz"]
[Result "1/2-1/2"]
[WhiteElo "1948"]
[BlackElo "2194"]
[PlyCount "103"]
[EventDate "2000.09.17"]
[EventType "team-tourn"]
[EventRounds "9"]
[EventCountry "GER"]
[SourceTitle "EXT 2023"]
[Source "ChessBase"]
[SourceDate "2022.10.05"]
[SourceVersion "1"]
[SourceVersionDate "2022.10.05"]
[SourceQuality "1"]
[WhiteTeam "Dortmund Kleiner Koenig"]
[BlackTeam "Kamen"]
[WhiteTeamCountry "GER"]
[BlackTeamCountry "GER"]

1. e4 c5 2. Nf3 d6 3. c3 Nf6 4. h3 g6 5. Bd3 Bg7 6. 0-0 0-0 7. Bc2 e5 8. d4 Qc7 9. Na3 Nc6 10. Be3 b6 11. Qe2 cxd4 12. cxd4 Nb4 13. Rfc1 Ba6 14. Qe1 Nxc2 15. Rxc2 Qb7 16. dxe5 dxe5 17. Nxe5 Qxe4 18. Nec4 Nd5 19. Rd1 Rad8 20. Bg5 Nf6 21. Re2 Rxd1 22. Qxd1 Qd5 23. Qxd5 Nxd5 24. Rd2 Nf6 25. f3 Rc8 26. b3 h6 27. Bxf6 Bxf6 28. Rd7 b5 29. Ne3 Rc1+ 30. Kf2 Ra1 31. Nac2 Rxa2 32. Rxa7 Bd4 33. Ra8+ Kg7 34. Kg3 Bxe3 35. Nxe3 b4 36. Nc4 Kf6 37. Kf4 Ke6 38. g3 Kd5 39. Rd8+ Kc5 40. Ne5 Ra3 41. Nxf7 Rxb3 42. h4 Rc3 43. Nd6 Bd3 44. Ne4+ Bxe4 45. fxe4 Rc4 46. Rd5+ Kc6 47. Rd3 Rc3 48. Rd8 Rc5 49. e5 Rc4+ 50. Kf3 Kc7 51. Rd1 b3 52. e6 1/2-1/2